书目信息 |
| 题名: |
大学英语六级考试能力突破
|
|
| 作者: | 毛立群 主编 | |
| 分册: | ||
| 出版信息: | 上海 上海外语教育出版社 2002.2 |
|
| 页数: | 277页 | |
| 开本: | 26cm | |
| 丛书名: | ||
| 单 册: | ||
| 中图分类: | H310.42 | |
| 科图分类: | ||
| 主题词: | 英语--高等学校--水平考试--教学参考资料 | |
| 电子资源: | ||
| ISBN: | 7-81080-292-5 | |
| 000 | 00737nam0 2200229 45 | |
| 001 | 012004000000 | |
| 005 | 20041202104208.06 | |
| 010 | @a7-81080-292-5@dCNY 19.30 | |
| 100 | @a20041009d2002 em y0chiy0121 ea | |
| 101 | 0 | @achi@aeng |
| 102 | @aCN@b310000 | |
| 105 | @ay z 000yy | |
| 200 | 1 | @a大学英语六级考试能力突破@Ada xue ying yu liu ji kao shi neng li tu po@dReady for CET band six@e新题型@f毛立群主编@zeng |
| 210 | @a上海@c上海外语教育出版社@d2002.2 | |
| 215 | @a277页@d26cm | |
| 320 | @a本书含附录 | |
| 510 | 1 | @aReady for CET band six@zeng |
| 606 | 0 | @a英语@x高等学校@x水平考试@j教学参考资料 |
| 690 | @aH310.42@v4 | |
| 701 | 0 | @a毛立群@Amao li qun@4主编 |
| 801 | 0 | @aCN@bQSSKt@c20041202 |
| 905 | @a10447@dH310.42@eM3381 | |
| 大学英语六级考试能力突破=Ready for CET band six:新题型/毛立群主编.-上海:上海外语教育出版社,2002.2 |
| 277页;26cm |
| ISBN 7-81080-292-5:CNY 19.30 |
| ● |
| 相关链接 |
|
|
|
正题名:大学英语六级考试能力突破
索取号:H310.42/M3381
 
预约/预借
| 序号 | 登录号 | 条形码 | 馆藏地/架位号 | 状态 | 备注 |
| 1 | 429410 | 204294101 | 自科二线504/504自科库 46排3列3层/ [索取号:H310.42/M3381] | 在馆 | |
| 2 | 429411 | 204294110 | 语言库209/209语言库 97排2列2层/ [索取号:H310.42/M3381] | 在馆 | |
| 3 | 429412 | 204294129 | 自科二线504/504自科库 46排3列3层/ [索取号:H310.42/M3381] | 在馆 |